One Piece - Lettre F - Statistiques

Statistiques générales
  • Ce quiz a été pris 102 fois
    57 depuis la dernière actualisation
  • Le résultat moyen est 16 sur 25
Statistiques - réponses
Indice Réponse % Correct
Charpentier de l'équipage au chapeau de Paille Franky
100%
Adversaire de Luffy au jeu du Davy Back Fight Foxy
91%
Relation entre Luffy, Ace, et Sabo Frère
91%
Technique dans One Piece divisé en trois segments, perceptif, offensif et royal Fluide
89%
Source de pouvoir dans One Piece Fruit du démon
89%
Homme poisson qui a attaqué Mary Geoise afin de libérer les esclave Fisher Tiger
85%
Elément qui ai donné à maîtriser par le Pyro-fruit Feu
83%
Fruit Paramecia de Jesus Burgess Force
83%
Seule Admiral Paramecia de la marine Fujitora
83%
Pièces des échecs Associés à Bobbin, dans l'équipage de Big Mom Fou
78%
Nom d'une équipe de criminel à Water 7 Franky Family
78%
Nom de famille de Shanks Figarland
72%
Récompenses de Luffy à chaque fin de combat de chaque Arc Festin
65%
Fille Chouchoute de la famille Charlotte qui a interrompu le combat de Katakuri Flampe
63%
Première ennemi de Sanji lors de son apparition, il rejoindra la marine sous les ordres d'Hina Fullbody
63%
Zone de brouillard intense entre Water 7 et Red Line. Triangle de ... Florian
61%
Premier fils du roi Neptune et d'Otohime Fukaboshi
59%
Nom de l'épée de Spandam, qui à mangé le Zoan de l'éléphant FunkFreed
48%
Nom du cheval de Cavendish Farul
39%
Ninja fidèle au Shogun Orochi Fukurokuju
30%
Se qu'a refusé d'avoir Luffy pour ne pas priver ses amis de liberté à Dressrosa Flotte
26%
Royaume natal de Trafalgar D. Water Law, surnommé "la ville blanche" Flevance
24%
Nuit de célébration envers le Shogun Orochi et Kaido durant la bataille d'Onigashima Festival du feu
22%
Région de l'île des hommes poissons où Jinbe attends Luffy durant son séjour Forêt Marine
22%
Clan dirigeant le pays de Wano depuis la nuit des temps Famille Kozuki
9%
Aucun quiz correspondant
Distribution des résultats
% des personnes avec chaque résultat
Percentile par nombre de réponses
Votre historique - résultats
Vous n’avez pas pris ce quiz depuis la dernière actualisation